<?xml version="1.0" encoding="UTF-8"?>
<marc:record xmlns:marc="http://www.loc.gov/MARC21/slim" type="Bibliographic">
   <marc:leader>00000pam a2200000 c 4500</marc:leader>
   <marc:controlfield tag="001">984318690</marc:controlfield>
   <marc:controlfield tag="003">DE-101</marc:controlfield>
   <marc:controlfield tag="005">20171202034024.0</marc:controlfield>
   <marc:controlfield tag="007">tu</marc:controlfield>
   <marc:controlfield tag="008">070522s2007    gw ||||| |||| 00||||ger  </marc:controlfield>
   <marc:datafield ind1=" " ind2=" " tag="015">
      <marc:subfield code="a">07,A47,0445</marc:subfield>
      <marc:subfield code="z">07,N25,0461</marc:subfield>
      <marc:subfield code="2">dnb</marc:subfield>
   </marc:datafield>
   <marc:datafield ind1="7" ind2=" " tag="016">
      <marc:subfield code="2">DE-101</marc:subfield>
      <marc:subfield code="a">984318690</marc:subfield>
   </marc:datafield>
   <marc:datafield ind1=" " ind2=" " tag="020">
      <marc:subfield code="a">9783100396112</marc:subfield>
      <marc:subfield code="c">Pp. : EUR 22.90, sfr 40.00</marc:subfield>
      <marc:subfield code="9">978-3-10-039611-2</marc:subfield>
   </marc:datafield>
   <marc:datafield ind1=" " ind2=" " tag="020">
      <marc:subfield code="a">3100396111</marc:subfield>
      <marc:subfield code="c">Pp. : EUR 22.90, sfr 40.00</marc:subfield>
      <marc:subfield code="9">3-10-039611-1</marc:subfield>
   </marc:datafield>
   <marc:datafield ind1="3" ind2=" " tag="024">
      <marc:subfield code="a">9783100396112</marc:subfield>
   </marc:datafield>
   <marc:datafield ind1=" " ind2=" " tag="035">
      <marc:subfield code="a">(DE-599)DNB984318690</marc:subfield>
   </marc:datafield>
   <marc:datafield ind1=" " ind2=" " tag="035">
      <marc:subfield code="a">(OCoLC)185001245</marc:subfield>
   </marc:datafield>
   <marc:datafield ind1=" " ind2=" " tag="040">
      <marc:subfield code="a">1245</marc:subfield>
      <marc:subfield code="b">ger</marc:subfield>
      <marc:subfield code="c">DE-101</marc:subfield>
      <marc:subfield code="d">9999</marc:subfield>
   </marc:datafield>
   <marc:datafield ind1=" " ind2=" " tag="041">
      <marc:subfield code="a">ger</marc:subfield>
      <marc:subfield code="h">eng</marc:subfield>
   </marc:datafield>
   <marc:datafield ind1=" " ind2=" " tag="044">
      <marc:subfield code="c">XA-DE-HE</marc:subfield>
   </marc:datafield>
   <marc:datafield ind1="0" ind2="4" tag="082">
      <marc:subfield code="8">1\u</marc:subfield>
      <marc:subfield code="a">330.122</marc:subfield>
      <marc:subfield code="q">DE-101</marc:subfield>
      <marc:subfield code="2">22/ger</marc:subfield>
   </marc:datafield>
   <marc:datafield ind1="7" ind2=" " tag="083">
      <marc:subfield code="a">330</marc:subfield>
      <marc:subfield code="q">DE-101</marc:subfield>
      <marc:subfield code="2">22sdnb</marc:subfield>
   </marc:datafield>
   <marc:datafield ind1=" " ind2=" " tag="085">
      <marc:subfield code="8">1\u</marc:subfield>
      <marc:subfield code="b">330.122</marc:subfield>
   </marc:datafield>
   <marc:datafield ind1=" " ind2=" " tag="090">
      <marc:subfield code="a">b</marc:subfield>
   </marc:datafield>
   <marc:datafield ind1="1" ind2=" " tag="100">
      <marc:subfield code="0">(DE-588)122769899</marc:subfield>
      <marc:subfield code="0">http://d-nb.info/gnd/122769899</marc:subfield>
      <marc:subfield code="0">(DE-101)122769899</marc:subfield>
      <marc:subfield code="a">Klein, Naomi</marc:subfield>
      <marc:subfield code="d">1970-</marc:subfield>
      <marc:subfield code="e">Verfasser</marc:subfield>
      <marc:subfield code="4">aut</marc:subfield>
   </marc:datafield>
   <marc:datafield ind1="0" ind2="0" tag="245">
      <marc:subfield code="a">&#x98;Die&#x9c; Schock-Strategie</marc:subfield>
      <marc:subfield code="b">der Aufstieg des Katastrophen-Kapitalismus</marc:subfield>
      <marc:subfield code="c">Naomi Klein. Aus dem Engl. übers. von Hartmut Schickert ...</marc:subfield>
   </marc:datafield>
   <marc:datafield ind1=" " ind2="1" tag="264">
      <marc:subfield code="a">Frankfurt, M.</marc:subfield>
      <marc:subfield code="b">&#x98;S.&#x9c; Fischer</marc:subfield>
      <marc:subfield code="c">2007</marc:subfield>
   </marc:datafield>
   <marc:datafield ind1=" " ind2=" " tag="300">
      <marc:subfield code="a">763 S.</marc:subfield>
      <marc:subfield code="c">22 cm</marc:subfield>
   </marc:datafield>
   <marc:datafield ind1=" " ind2=" " tag="336">
      <marc:subfield code="a">Text</marc:subfield>
      <marc:subfield code="b">txt</marc:subfield>
      <marc:subfield code="2">rdacontent</marc:subfield>
   </marc:datafield>
   <marc:datafield ind1=" " ind2=" " tag="337">
      <marc:subfield code="a">ohne Hilfsmittel zu benutzen</marc:subfield>
      <marc:subfield code="b">n</marc:subfield>
      <marc:subfield code="2">rdamedia</marc:subfield>
   </marc:datafield>
   <marc:datafield ind1=" " ind2=" " tag="338">
      <marc:subfield code="a">Band</marc:subfield>
      <marc:subfield code="b">nc</marc:subfield>
      <marc:subfield code="2">rdacarrier</marc:subfield>
   </marc:datafield>
   <marc:datafield ind1=" " ind2="7" tag="650">
      <marc:subfield code="0">(DE-588)4029577-1</marc:subfield>
      <marc:subfield code="0">http://d-nb.info/gnd/4029577-1</marc:subfield>
      <marc:subfield code="0">(DE-101)04029577X</marc:subfield>
      <marc:subfield code="a">Kapitalismus</marc:subfield>
      <marc:subfield code="2">gnd</marc:subfield>
   </marc:datafield>
   <marc:datafield ind1=" " ind2="7" tag="650">
      <marc:subfield code="0">(DE-588)4065468-0</marc:subfield>
      <marc:subfield code="0">http://d-nb.info/gnd/4065468-0</marc:subfield>
      <marc:subfield code="0">(DE-101)040654680</marc:subfield>
      <marc:subfield code="a">Weltwirtschaft</marc:subfield>
      <marc:subfield code="2">gnd</marc:subfield>
   </marc:datafield>
   <marc:datafield ind1=" " ind2="7" tag="650">
      <marc:subfield code="0">(DE-588)4171438-6</marc:subfield>
      <marc:subfield code="0">http://d-nb.info/gnd/4171438-6</marc:subfield>
      <marc:subfield code="0">(DE-101)041714385</marc:subfield>
      <marc:subfield code="a">Neoliberalismus</marc:subfield>
      <marc:subfield code="2">gnd</marc:subfield>
   </marc:datafield>
   <marc:datafield ind1=" " ind2="7" tag="650">
      <marc:subfield code="0">(DE-588)4127089-7</marc:subfield>
      <marc:subfield code="0">http://d-nb.info/gnd/4127089-7</marc:subfield>
      <marc:subfield code="0">(DE-101)041270894</marc:subfield>
      <marc:subfield code="a">Chicago-Schule</marc:subfield>
      <marc:subfield code="g">Wirtschaftswissenschaften</marc:subfield>
      <marc:subfield code="2">gnd</marc:subfield>
   </marc:datafield>
   <marc:datafield ind1=" " ind2="7" tag="650">
      <marc:subfield code="0">(DE-588)4187666-0</marc:subfield>
      <marc:subfield code="0">http://d-nb.info/gnd/4187666-0</marc:subfield>
      <marc:subfield code="0">(DE-101)041876660</marc:subfield>
      <marc:subfield code="a">Verelendung</marc:subfield>
      <marc:subfield code="2">gnd</marc:subfield>
   </marc:datafield>
   <marc:datafield ind1=" " ind2="7" tag="650">
      <marc:subfield code="0">(DE-588)4557997-0</marc:subfield>
      <marc:subfield code="0">http://d-nb.info/gnd/4557997-0</marc:subfield>
      <marc:subfield code="0">(DE-101)957319304</marc:subfield>
      <marc:subfield code="a">Globalisierung</marc:subfield>
      <marc:subfield code="2">gnd</marc:subfield>
   </marc:datafield>
   <marc:datafield ind1=" " ind2="7" tag="650">
      <marc:subfield code="0">(DE-588)4066466-1</marc:subfield>
      <marc:subfield code="0">http://d-nb.info/gnd/4066466-1</marc:subfield>
      <marc:subfield code="0">(DE-101)04066466X</marc:subfield>
      <marc:subfield code="a">Wirtschaftskrise</marc:subfield>
      <marc:subfield code="2">gnd</marc:subfield>
   </marc:datafield>
   <marc:datafield ind1=" " ind2="7" tag="650">
      <marc:subfield code="0">(DE-588)4003677-7</marc:subfield>
      <marc:subfield code="0">http://d-nb.info/gnd/4003677-7</marc:subfield>
      <marc:subfield code="0">(DE-101)040036774</marc:subfield>
      <marc:subfield code="a">Ausbeutung</marc:subfield>
      <marc:subfield code="2">gnd</marc:subfield>
   </marc:datafield>
   <marc:datafield ind1=" " ind2=" " tag="653">
      <marc:subfield code="a">(VLB-PF)BB: Gebunden</marc:subfield>
   </marc:datafield>
   <marc:datafield ind1=" " ind2=" " tag="653">
      <marc:subfield code="a">(VLB-WN)1736: HC/Politikwissenschaft/Politik, Wirtschaft</marc:subfield>
   </marc:datafield>
   <marc:datafield ind1="0" ind2="0" tag="689">
      <marc:subfield code="0">(DE-588)4029577-1</marc:subfield>
      <marc:subfield code="0">http://d-nb.info/gnd/4029577-1</marc:subfield>
      <marc:subfield code="0">(DE-101)04029577X</marc:subfield>
      <marc:subfield code="D">s</marc:subfield>
      <marc:subfield code="a">Kapitalismus</marc:subfield>
   </marc:datafield>
   <marc:datafield ind1="0" ind2="1" tag="689">
      <marc:subfield code="0">(DE-588)4065468-0</marc:subfield>
      <marc:subfield code="0">http://d-nb.info/gnd/4065468-0</marc:subfield>
      <marc:subfield code="0">(DE-101)040654680</marc:subfield>
      <marc:subfield code="D">s</marc:subfield>
      <marc:subfield code="a">Weltwirtschaft</marc:subfield>
   </marc:datafield>
   <marc:datafield ind1="0" ind2=" " tag="689">
      <marc:subfield code="5">DE-101</marc:subfield>
      <marc:subfield code="5">DE-101</marc:subfield>
   </marc:datafield>
   <marc:datafield ind1="1" ind2="0" tag="689">
      <marc:subfield code="0">(DE-588)4171438-6</marc:subfield>
      <marc:subfield code="0">http://d-nb.info/gnd/4171438-6</marc:subfield>
      <marc:subfield code="0">(DE-101)041714385</marc:subfield>
      <marc:subfield code="D">s</marc:subfield>
      <marc:subfield code="a">Neoliberalismus</marc:subfield>
   </marc:datafield>
   <marc:datafield ind1="1" ind2="1" tag="689">
      <marc:subfield code="0">(DE-588)4127089-7</marc:subfield>
      <marc:subfield code="0">http://d-nb.info/gnd/4127089-7</marc:subfield>
      <marc:subfield code="0">(DE-101)041270894</marc:subfield>
      <marc:subfield code="D">s</marc:subfield>
      <marc:subfield code="a">Chicago-Schule</marc:subfield>
      <marc:subfield code="g">Wirtschaftswissenschaften</marc:subfield>
   </marc:datafield>
   <marc:datafield ind1="1" ind2="2" tag="689">
      <marc:subfield code="0">(DE-588)4187666-0</marc:subfield>
      <marc:subfield code="0">http://d-nb.info/gnd/4187666-0</marc:subfield>
      <marc:subfield code="0">(DE-101)041876660</marc:subfield>
      <marc:subfield code="D">s</marc:subfield>
      <marc:subfield code="a">Verelendung</marc:subfield>
   </marc:datafield>
   <marc:datafield ind1="1" ind2=" " tag="689">
      <marc:subfield code="5">DE-101</marc:subfield>
      <marc:subfield code="5">DE-101</marc:subfield>
   </marc:datafield>
   <marc:datafield ind1="2" ind2="0" tag="689">
      <marc:subfield code="0">(DE-588)4557997-0</marc:subfield>
      <marc:subfield code="0">http://d-nb.info/gnd/4557997-0</marc:subfield>
      <marc:subfield code="0">(DE-101)957319304</marc:subfield>
      <marc:subfield code="D">s</marc:subfield>
      <marc:subfield code="a">Globalisierung</marc:subfield>
   </marc:datafield>
   <marc:datafield ind1="2" ind2="1" tag="689">
      <marc:subfield code="0">(DE-588)4066466-1</marc:subfield>
      <marc:subfield code="0">http://d-nb.info/gnd/4066466-1</marc:subfield>
      <marc:subfield code="0">(DE-101)04066466X</marc:subfield>
      <marc:subfield code="D">s</marc:subfield>
      <marc:subfield code="a">Wirtschaftskrise</marc:subfield>
   </marc:datafield>
   <marc:datafield ind1="2" ind2="2" tag="689">
      <marc:subfield code="0">(DE-588)4003677-7</marc:subfield>
      <marc:subfield code="0">http://d-nb.info/gnd/4003677-7</marc:subfield>
      <marc:subfield code="0">(DE-101)040036774</marc:subfield>
      <marc:subfield code="D">s</marc:subfield>
      <marc:subfield code="a">Ausbeutung</marc:subfield>
   </marc:datafield>
   <marc:datafield ind1="2" ind2=" " tag="689">
      <marc:subfield code="5">DE-101</marc:subfield>
      <marc:subfield code="5">DE-101</marc:subfield>
   </marc:datafield>
   <marc:datafield ind1="1" ind2="2" tag="700">
      <marc:subfield code="a">Klein, Naomi</marc:subfield>
      <marc:subfield code="d">1970-</marc:subfield>
      <marc:subfield code="t">&#x98;The&#x9c; shock doctrine</marc:subfield>
      <marc:subfield code="g">dt.</marc:subfield>
   </marc:datafield>
   <marc:datafield ind1=" " ind2=" " tag="850">
      <marc:subfield code="a">DE-101a</marc:subfield>
      <marc:subfield code="a">DE-101b</marc:subfield>
   </marc:datafield>
   <marc:datafield ind1="4" ind2="2" tag="856">
      <marc:subfield code="m">V:DE-604</marc:subfield>
      <marc:subfield code="q">application/pdf</marc:subfield>
      <marc:subfield code="u">http://d-nb.info/984318690/04</marc:subfield>
      <marc:subfield code="3">Inhaltsverzeichnis</marc:subfield>
   </marc:datafield>
   <marc:datafield ind1="4" ind2="2" tag="856">
      <marc:subfield code="m">X:MVB</marc:subfield>
      <marc:subfield code="q">text/html</marc:subfield>
      <marc:subfield code="u">http://deposit.dnb.de/cgi-bin/dokserv?id=2963669&amp;prov=M&amp;dok_var=1&amp;dok_ext=htm</marc:subfield>
      <marc:subfield code="3">Inhaltstext</marc:subfield>
   </marc:datafield>
   <marc:datafield ind1="r" ind2=" " tag="925">
      <marc:subfield code="a">ra</marc:subfield>
   </marc:datafield>
</marc:record>
